| 000 | 00571nam a22001457a 4500 | ||
|---|---|---|---|
| 020 | _a0-571-21224-7 | ||
| 082 |
_a823 _bPAM/M |
||
| 100 | _aPAMUK, ORHAN | ||
| 245 | _aMY NAME IS RED | ||
| 260 |
_aLONDON _bFABER & FABER _c1998 |
||
| 300 | _a508 | ||
| 520 | _aThe book is set in Istanbul, capital of the Ottoman Empire, in 1591, during the empire's most powerful reign. As the book is a commentary on religious oppression and cultural norms, the author chooses to use art as the medium in which these elements are narrated. | ||
| 650 |
_aNOVEL _zUNITED KINGDOM |
||
| 942 | _cBK | ||
| 999 |
_c3692 _d3692 |
||